000 00715nam a2200217Ii 4500
003 JO-AjNU
008 230605s9999||||xx |||||||||||||| ||und||
017 _a1995/10/1134
040 _aJO-AjNU
_bara
_erda
_cJO-AjNU
041 _aara
050 1 4 _aJF1558.A7.H568.1997
100 3 _aالصباح ، عبد الرحمن ,
_eauthor
_917012
245 0 0 _aمبادئ الرقابة الإدارية المعايير ، التقييم ، التصحيح
250 _a(د،ط)
264 3 1 _aعمان : دار زهران ، 1994
300 _a319ص
336 _atext
_btxt
_2rdacontent
337 _aunmediated
_bn
_2rdamedia
338 _avolume
_bnc
_2rdacarrier
650 4 _aالرقابة الادارية
_917013
999 _aA5166
_c8734
_d8734